Прямое йодирование некоторых карбонильных соединений жирного ряда: диссертация на соискание ученой степени кандидата химических наук

Bibliografiske detaljer
Hovedforfatter: Сиянко П. И.
Institution som forfatter: Томский политехнический университет
Andre forfattere: Новиков А. Н. (научный руководитель)
Sprog:russisk
Udgivet: Томск, 1969
Fag:
Format: Bog
KOHA link:https://koha.lib.tpu.ru/cgi-bin/koha/opac-detail.pl?biblionumber=46247

MARC

LEADER 00000nbm0a2200000 4500
001 46247
005 20231101211016.0
035 |a (RuTPU)RU\TPU\book\48170 
090 |a 46247 
100 |a 20021226d1969 k y0rusy50 ca 
101 0 |a rus 
102 |a RU 
105 |a a m 001zy 
200 1 |a Прямое йодирование некоторых карбонильных соединений жирного ряда  |e диссертация на соискание ученой степени кандидата химических наук  |f П. И. Сиянко  |g Томский политехнический университет; науч. рук. А. Н. Новиков 
210 |a Томск  |d 1969 
215 |a 134 л.  |c ил. 
320 |a Библиогр.: с. 124-132 (191 назв.) 
606 1 |a Карбонильные соединения, органические  |x Химия  |2 stltpush  |3 (RuTPU)RU\TPU\subj\75841  |9 87411 
610 1 |a иодирование 
610 1 |a органическая химия 
610 1 |a катализ 
610 1 |a диссертации 
675 |a 547.44(04)  |v 3 
700 1 |a Сиянко  |b П. И. 
702 1 |a Новиков  |b А. Н.  |4 727 
712 0 2 |a Томский политехнический университет  |2 stltpush  |3 (RuTPU)RU\TPU\col\376 
801 1 |a RU  |b 63413507  |c 20021226  |g PSBO 
801 2 |a RU  |b 63413507  |c 20170602  |g PSBO 
942 |c BK